000 00901nam a2200241 i 4500
001 110741
003 ES-MaACL
005 20240522131801.0
007 t|
008 070124s1917 sp ||||1| spa d
080 _a347.921.1
100 1 _aAguilera de Paz, Enrique.
_918776
245 1 0 _aTratado de las cuestiones prejudiciales y previas en el procedimiento penal /
_cpor Enrique Aguilera de Paz ; con un prólogo de José Maria Manresa.
250 _a2ª ed aum.
260 _aMadrid :
_bHijos de Reus,
_c1917.
300 _aXVII, 525 p. ;
_c23 cm.
490 1 _aBiblioteca jurídica de autores españoles y extranjeros ;
_v29
650 1 4 _aCuestiones prejudiciales.
_911510
700 1 _aManresa y Navarro, José María,
_d1818-1905
_976090
830 0 _aBiblioteca jurídica de autores españoles y extranjeros ;
_v29
_9182228
852 _aES-MaACL
_jE-3050
999 _c110741
_d110741